| 000 | 00863nam a2200217 4500 | ||
|---|---|---|---|
| 003 | CO-ViMGA | ||
| 020 | _a9789581414826 | ||
| 040 |
_aCO-ViMGA _bspa _cCO-ViMGA |
||
| 082 | 0 | 4 |
_a867.709 _bD61 |
| 245 | 1 | 0 |
_a200 chistes de animales para reír sin parar / _ccompilado por Jorge R, Loretto |
| 250 | _aEdición especial | ||
| 260 | _aBogotá : Plaza & Janés | ||
| 300 |
_a128 páginas : _bilustraciones en blanco y negro : 14 cm. |
||
| 490 | _aPlan Nacional de Lectura y Escritura Leer es mi Cuento / Ministerio de Cultura | ||
| 500 | _aRecomendado para un público infantil mayor de 6 años | ||
| 650 | 1 | 4 |
_aAnimales - Anecdotas, Chistes, Satiras, Etc. _913061 |
| 650 | 1 | 4 |
_aHumorismo Infantil Hispanoamericano _913062 |
| 650 | 1 | 4 |
_aLibros Y Lectura Para Niños - Anecdotas, Chistes, Satiras, Etc. _913063 |
| 700 | 1 |
_aLoretto, Jorge R. _913064 |
|
| 942 |
_2ddc _cBK |
||
| 999 |
_c8659 _d8659 |
||